| 000 | 00757nam a2200193Ia 4500 | ||
|---|---|---|---|
| 999 |
_c35428 _d35428 |
||
| 001 | 1286 | ||
| 003 | GE_BSU | ||
| 005 | 20250502115457.0 | ||
| 008 | 181216s1972||||ge |||||||||||||| ||geo|| | ||
| 040 | _cGE_BSU | ||
| 041 | _ageo | ||
| 080 | _a638.1(075.8) მ-60 | ||
| 245 |
_aმეფუტკრეობა : _bსახელმძღვ. სას-სამ. ინ-ტის სტუდენტებისათვის / _cკუხიანიძე, ი. და სხვა. |
||
| 250 | _aმე-2 შევს. და გადამუშ. გამოც. | ||
| 264 |
_aთბილისი _bგანათლება, _c1972. |
||
| 300 |
_a458 გვ.; _b 21 სმ. |
||
| 653 | _aმეფუტკრეობა | ||
| 942 |
_cBK _2udc |
||